Wszyscy kierowcy Red Bull Racing - Statystyki

Ogólne statystyki
  • Ten quiz został rozwiązany 86 razy
  • Średni wynik to 8 z 12
Statystyki odpowiedzi
Hint Odpowiedź % Poprawnych
2016-Obecnie Max Verstappen
99%
2009-2014 Sebastian Vettel
99%
2021-Obecnie Sergio Perez
93%
2014-2018 Daniel Ricciardo
87%
2019-2020 Alex Albon
86%
2007-2013 Mark Webber
84%
2019 Pierre Gasly
84%
2015-2016 Daniil Kvyat
75%
2005-2008 David Coulthard
61%
2005 Vintantonio Liuzzi
23%
2005-2006 Christian Klien
20%
2006 Robert Doornbos
11%
Nie znaleziono quizów pasujących do podanych kryteriów
Rozkład punktacji
Procent ludzi z każdym wynikiem
Percentyl według liczby udzielonych odpowiedzi
Twoja historia wyników
Nie rozwiązałeś tego quizu